000 00650nam a2200265Ia 4500
005 20260306164420.0
008 008 260114s9999 xx 000 0 eng d
020 _a9780191918940
037 _aEBOOK
040 _aCRL
040 _beng
040 _cCRL
041 _2eng
041 _aeng
084 _qCRL
100 _aDebbie Felton
_9871637
245 4 _aThe Oxford Handbook Of Monsters In Classical Myth
260 _bOxford University Press
260 _c2024
650 _aClassical Studies
856 _uhttps://academic.oup.com/edited-volume/58971
942 _cEBOOK
999 _c1713997
_d1713997